Informe al congreso Nacional. Análisis y evaluación de la ejecución presupuestaría y la rendicioón de cuentas generales del Estado Año Fiscal (Record no. 9650)

MARC details
000 -LEADER
campo de control de longitud fija 00491nam a2200133Ia 4500
001 - NÚMERO DE CONTROL
campo de control 3538
008 - DATOS DE LONGITUD FIJA--INFORMACIÓN GENERAL
campo de control de longitud fija 241024s9999 xx 000 0 und d
082 ## - NÚMERO DE LA CLASIFICACIÓN DECIMAL DEWEY
Número de clasificación RD/336/R426i/2012
100 ## - ENTRADA PRINCIPAL--NOMBRE DE PERSONA
Nombre de persona República Dominicana.Cámara de Cuentas de la República
245 #0 - MENCIÓN DEL TÍTULO
Título Informe al congreso Nacional. Análisis y evaluación de la ejecución presupuestaría y la rendicioón de cuentas generales del Estado Año Fiscal
260 ## - PUBLICACIÓN, DISTRIBUCIÓN, ETC.
Nombre del editor, distribuidor, etc. Santo Domingo
Fecha de publicación, distribución, etc. 2012
901 ## - ELEMENTOS DE DATOS A LOCAL LDA (RLIN)
a 6/12/2013 2:59:19 p.m.

No items available.

© 2024. Todos los Derechos Reservados. Desarrollado por IDEICE